Sports Quiz

Random Sports Quiz

OL Players 2005/06 Quiz Stats

 Plays Quiz not verified by Sporcle

Also try: MLB 2500 Hit Club
Challenge
Share
Tweet
Embed
Score 0/23 Timer 06:00
0 Plays Today
Position Joueur % Correct
GBGrégory Coupet
100%
MILJuninho
100%
ATTJohn Carew
98.3%
MILMahamadou Diarra
96.6%
ATTKarim Benzema
96.6%
MILTiago
94.8%
GBRémy Vercoutre
93.1%
DEFClaudio Roberto Caçapa
91.4%
DEFPatrick Müller
89.7%
ATTFred
89.7%
DEFAnthony Réveillère
87.9%
ATTHatem Ben Arfa
84.5%
Position Joueur % Correct
DEFEric Abidal
82.8%
MILFlorent Malouda
82.8%
ATTSidney Govou
75.9%
DEFFrançois Clerc
74.1%
ATTSylvain Wiltord
72.4%
DEFJérémy Berthod
56.9%
DEFLamine Diatta
51.7%
MILBenoît Pedretti
39.7%
MILJérémy Clément
22.4%
GBRémy Riou
15.5%
DEFSylvain Monsoreau
13.8%

You're not logged in!

Compare scores with friends on all Sporcle quizzes.
OR
Log In

You Might Also Like...

Show Comments

Extras

Created Feb 15, 2017ReportNominate
Tags:Ligue 1

Top Quizzes Today


Score Distribution

Your Account Isn't Verified!

In order to create a playlist on Sporcle, you need to verify the email address you used during registration. Go to your Sporcle Settings to finish the process.

Report this User

Report this user for behavior that violates our Community Guidelines.

Details: